| 000 | 00443nam a22001577a 4500 | ||
|---|---|---|---|
| 020 | _a9788131733325 | ||
| 082 | _a621.31 SIV | ||
| 100 | _aSivanagaraju, S. | ||
| 245 | _aGeneration and utilization of electrical energy | ||
| 260 |
_aNew Delhi, India _bPearson Education _c2010 |
||
| 300 |
_axv, 569 p. _bill. ; |
||
| 500 | _aIncludes index. | ||
| 650 | _aElectrical engineering. | ||
| 700 | _aReddy, M. Balasubba and Srilatha D. | ||
| 942 | _cBK | ||
| 999 |
_c12628 _d12628 |
||